<?xml version="1.0" encoding="UTF-8"?>
<record
    xmlns:xsi="http://www.w3.org/2001/XMLSchema-instance"
    xsi:schemaLocation="http://www.loc.gov/MARC21/slim http://www.loc.gov/standards/marcxml/schema/MARC21slim.xsd"
    xmlns="http://www.loc.gov/MARC21/slim">

  <leader>02773nam a2200205 a 4500</leader>
  <controlfield tag="001">000048479</controlfield>
  <controlfield tag="005">20201002061202.0</controlfield>
  <controlfield tag="008">190322s2008    dr            000 0 spa d</controlfield>
  <datafield tag="040" ind1=" " ind2=" ">
    <subfield code="a">DO-SdBNP</subfield>
    <subfield code="b">spa</subfield>
    <subfield code="c">BNPHU</subfield>
  </datafield>
  <datafield tag="041" ind1="1" ind2="7">
    <subfield code="a">epa</subfield>
    <subfield code="b">eng</subfield>
  </datafield>
  <datafield tag="082" ind1=" " ind2=" ">
    <subfield code="a">xx</subfield>
    <subfield code="b">xx</subfield>
  </datafield>
  <datafield tag="245" ind1="0" ind2="0">
    <subfield code="a">Compendio legislativo en materia de propiedad industrial de la Rep&#xFA;blica Dominicana =</subfield>
    <subfield code="b">Industrial property in Dominican Republic legislative summary / (Registro nro. 113884).</subfield>
  </datafield>
  <datafield tag="260" ind1=" " ind2=" ">
    <subfield code="a">Santo Domingo :</subfield>
    <subfield code="b">ONAPI,</subfield>
    <subfield code="c">2008.</subfield>
  </datafield>
  <datafield tag="300" ind1=" " ind2=" ">
    <subfield code="a">184,180 p. ;</subfield>
    <subfield code="c">24 cm.</subfield>
  </datafield>
  <datafield tag="505" ind1="0" ind2=" ">
    <subfield code="a">De las inverciones, los modelos de ulitildad y los dise&#xF1;os industriales -- Invenciones -- Protecci&#xF3;n de las invenciones y derecho a la patente de invenci&#xF3;n -- Procedimiento de concesi&#xF3;n de la patente -- Derechos, obligaciones y limitaciones relativos a la patente -- Licencias obligatorias y otras medidas relativas a la explotaci&#xF3;n de las patentes -- Modelos de utilidad -- Dise&#xF1;os industriales -- Protecci&#xF3;n de los dise&#xF1;os industriales -- Alcance de los derechos -- Procedimiento de registro --Normas relativas al dise&#xF1;o industrial registrado -- De los signos distintivos-- Definiciones -- Marcas --Derechos sobre la marca --Procedimiento de registro de la marca-- Duraci&#xF3;n y renovaci&#xF3;n del registro -- Derechos, obligaciones y limitaciones relativos al registro -- Transferencia y licencia de uso de la marca --Terminaci&#xF3;n del registro de la marca -- Marcas colectivas -- Marcas de certificaci&#xF3;n -- Nombres comerciales, r&#xF3;tulos y emblemas -- Nombres comerciales -- R&#xF3;tulos --Emblemas -- Lemas comerciales -- Indicaciones geogr&#xE1;ficas -- Indicaciones geogr&#xE1;ficas en general --Denominaciones de origen -- Normas comunes -- Disposiciones generales -- De la Oficina Nacional de la Propiedad Industrial -- Composici&#xF3;n, atribuciones y requisitos de los funcionarios de la Oficina Nacional de la Propiedad Industrial --Oficina Nacional de la Propiedad Industrial -- Del directorio -- Procedimientos 99|Registros y publicidad --Clasificaciones -- De las violaciones de los derechos de propidead industrial -- De las infracciones procedimiento, sanciones y prescripci&#xF3;n de los derechos de propiedad industrial -- De la competencia desleal vinculada a la propiedad industrial - De los actos de competencia desleal --De las acciones por competencia desleal -- Disposiciones transistorias y finales (Ley no. 20-00 sobre propiedad industrial de fecha 8 de mayo de 2000)-- Disposiciones transitorias 99Disposiciones finales.</subfield>
  </datafield>
  <datafield tag="590" ind1=" " ind2=" ">
    <subfield code="a">Inventariado, 2019/VM</subfield>
  </datafield>
  <datafield tag="563" ind1=" " ind2=" ">
    <subfield code="a">Dos obras encuadernadas juntas con paginaci&#xF3;n invertida</subfield>
  </datafield>
  <datafield tag="710" ind1="2" ind2=" ">
    <subfield code="a">Oficina Nacional de la Propiedad Industrial (Rep&#xFA;blica Dominicana)</subfield>
    <subfield code="9">75899</subfield>
  </datafield>
  <datafield tag="740" ind1="0" ind2=" ">
    <subfield code="a">Industrial property in Dominican Republic legislative summary / (Registro nro. 113884)</subfield>
  </datafield>
  <datafield tag="952" ind1=" " ind2=" ">
    <subfield code="0">0</subfield>
    <subfield code="1">0</subfield>
    <subfield code="7">1</subfield>
    <subfield code="8">PD</subfield>
    <subfield code="a">PD</subfield>
    <subfield code="b">PD</subfield>
    <subfield code="c">HD</subfield>
    <subfield code="d">2019-03-22</subfield>
    <subfield code="i">LF1</subfield>
    <subfield code="l">0</subfield>
    <subfield code="o">xx xx</subfield>
    <subfield code="p">48479-10</subfield>
    <subfield code="r">2020-06-25</subfield>
    <subfield code="w">2020-06-25</subfield>
    <subfield code="y">LFPD</subfield>
    <subfield code="Z">No se presta</subfield>
  </datafield>
  <datafield tag="999" ind1=" " ind2=" ">
    <subfield code="c">47967</subfield>
    <subfield code="d">47967</subfield>
  </datafield>
</record>
